[Event "QA-ANNIV-02"]
[Site "http://www.queenalice.com/game.php?id=311848"]
[Date "2007.11.28"]
[Round "10"]
[White "pensalo"]
[Black "togoychess"]
[Result "1-0"]
[WhiteElo "2296"]
[BlackElo "2124"]

1. e4 e6 2. d4 d5 3. Nd2 dxe4 4. Nxe4 Bd7 5. Nf3 Bc6 6. Bd3 Nd7 7. O-O Ngf6 8.
Qe2 Nxe4 9. Bxe4 Bxe4 10. Qxe4 c6 11. c4 Nf6 12. Qh4 Qa5 13. Ne5 Be7 14. Qg5 Bf8
15. Nxf7 Qxg5 16. Nxg5 Kd7 17. Bd2 a5 18. Rfe1 h6 19. Nxe6 g5 20. Bc3 Bb4 21.
Nc5+ Kc8 22. Nd3 Bxc3 23. bxc3 Re8 24. Rxe8+ Nxe8 25. Re1 Kd8 26. Re6 Rc8 27.
Rxh6 1-0

[Event "QA-ANNIV-03"]
[Site "http://www.queenalice.com/game.php?id=316102"]
[Date "2007.12.6"]
[Round "4"]
[White "togoychess"]
[Black "malecar"]
[Result "1-0"]
[WhiteElo "2117"]
[BlackElo "1989"]

1. e4 e5 2. Nf3 Nc6 3. Nc3 Nf6 4. Bb5 Bb4 5. O-O O-O 6. Bxc6 dxc6 7. d3 h6 8.
Nxe5 Re8 9. Nf3 Bg4 10. h3 Bh5 11. a3 Bd6 12. Re1 Be5 13. Be3 1-0

[Event "LIGA 2006"]
[Site "http://www.queenalice.com/game.php?id=339824"]
[Date "2008.1.21"]
[Round "3"]
[White "togoychess"]
[Black "miguel"]
[Result "1-0"]
[WhiteElo "2125"]
[BlackElo "1647"]

1. e4 e5 2. Nf3 Nc6 3. Nc3 Nf6 4. Bb5 Bb4 5. O-O O-O 6. Bxc6 dxc6 7. d3 Re8 8.
Ne2 Bg4 9. Ng3 h6 10. h3 Be6 11. Nxe5 Bxh3 12. Nxf7 Kxf7 13. gxh3 Qd7 14. Nf5 c5
15. Qf3 b5 16. c3 Ba5 17. Re1 b4 18. Bd2 Rab8 19. e5 Qd5 20. Nxh6+ Ke7 21. exf6+
1-0

[Event "QA-ANNIV-02"]
[Site "http://www.queenalice.com/game.php?id=346162"]
[Date "2008.1.31"]
[Round "11"]
[White "togoychess"]
[Black "Ernani"]
[Result "1-0"]
[WhiteElo "2126"]
[BlackElo "2064"]

1. e4 d5 2. exd5 Qxd5 3. Nc3 Qa5 4. d4 c6 5. Nf3 Qc7 6. Bc4 Bf5 7. Ne5 e6 8. g4
Bg6 9. h4 h5 10. Nxg6 fxg6 11. Bxe6 Bb4 12. Bxg8 Bxc3+ 13. bxc3 Qe7+ 14. Qe2
Qxe2+ 15. Kxe2 Rxg8 16. g5 Nd7 17. Rh3 1-0

[Event "QA-ANNIV-03"]
[Site "http://www.queenalice.com/game.php?id=385525"]
[Date "2008.4.10"]
[Round "6"]
[White "togoychess"]
[Black "TopMind"]
[Result "0-1"]
[WhiteElo "2146"]
[BlackElo "2169"]

1. e4 e6 2. d3 d5 3. Qe2 Nf6 4. Nf3 Be7 5. g3 c5 6. e5 Nfd7 7. Bg2 b5 8. h4 Nc6
9. Bf4 O-O 10. Nbd2 Ba6 11. O-O Qa5 12. Nb3 Qa4 13. Rfe1 Rac8 14. c3 c4 15. d4
b4 16. Nbd2 Rb8 17. Nb1 Na5 18. cxb4 Qxb4 19. Bd2 Qxb2 20. Bxa5 Qxa1 21. Bc3
Qxb1 22. Rxb1 Rxb1+ 23. Kh2 Rfb8 24. Qc2 R1b6 25. Qc1 Bb4 26. Ba1 h6 27. h5 Bb5
28. g4 Ra6 29. Qc2 Ra3 30. g5 Ba4 31. Qb2 hxg5 32. Nxg5 Rd3 0-1

[Event "QA-ANNIV-03"]
[Site "http://www.queenalice.com/game.php?id=413705"]
[Date "2008.6.5"]
[Round "7"]
[White "Ferdyrojo"]
[Black "togoychess"]
[Result "1-0"]
[WhiteElo "2179"]
[BlackElo "2137"]

1. d4 e6 2. c4 b6 3. Nc3 Bb7 4. Nf3 Bb4 5. e3 f5 6. Bd2 Nf6 7. Bd3 O-O 8. a3
Bxc3 9. Bxc3 Ne4 10. h4 Nxc3 11. bxc3 Qf6 12. Ng5 g6 13. f4 h6 14. Nf3 d6 15. h5
Nd7 16. Qe2 gxh5 17. Rxh5 Nc5 18. O-O-O Nxd3+ 19. Qxd3 Be4 20. Qe2 Qg6 21. Rh4
Rf6 22. g4 Rb8 23. Rg1 Bxf3 24. Qxf3 Qg7 25. Rh3 Rg6 26. Rhg3 Kf7 27. gxf5 Rxg3
28. Rxg3 Qf6 29. Qh5+ Ke7 30. Rg6 Qf8 31. fxe6 1-0

[Event "QA-ANNIV-04"]
[Site "http://www.queenalice.com/game.php?id=418523"]
[Date "2008.6.16"]
[Round "1"]
[White "anax"]
[Black "togoychess"]
[Result "0-1"]
[WhiteElo "1781"]
[BlackElo "2136"]

1. d4 e6 2. e3 f5 3. Nc3 Nf6 4. h3 Bb4 5. Bd2 O-O 6. a3 Bxc3 7. Bxc3 b6 8. Be2
Bb7 9. Bf3 Ne4 10. Ne2 Nc6 11. Bxe4 fxe4 12. d5 Ne7 0-1

[Event "QA-ANNIV-04"]
[Site "http://www.queenalice.com/game.php?id=445758"]
[Date "2008.8.8"]
[Round "2"]
[White "togoychess"]
[Black "philipp84lemke"]
[Result "1-0"]
[WhiteElo "2126"]
[BlackElo "2119"]

1. e4 e5 2. Nf3 Nf6 3. Nxe5 d6 4. Nf3 Nxe4 5. d4 d5 6. Bd3 Nc6 7. O-O Bg4 8. c4
Nf6 9. Re1+ Be7 10. cxd5 Bxf3 11. Qxf3 Qxd5 12. Qxd5 Nxd5 13. Be4 O-O-O 14. Nc3
Bb4 15. Bg5 f6 16. Bxd5 Bxc3 17. Be6+ Kb8 18. bxc3 fxg5 19. Rab1 Rhe8 20. Bf5 h6
21. Rxe8 Rxe8 22. Bd7 1-0

[Event "QA-ANNIV-03"]
[Site "http://www.queenalice.com/game.php?id=446353"]
[Date "2008.8.9"]
[Round "8"]
[White "togoychess"]
[Black "Inaki"]
[Result "1-0"]
[WhiteElo "2138"]
[BlackElo "2053"]

1. e4 c6 2. d4 d5 3. Nc3 dxe4 4. Nxe4 Bf5 5. Ng3 Bg6 6. h4 h6 7. Nf3 Nd7 8. h5
Bh7 9. Bd3 Bxd3 10. Qxd3 e6 11. Bf4 Ngf6 12. O-O-O Nd5 13. Bd2 Nb4 14. Bxb4 Bxb4
15. c4 O-O 16. Kb1 a5 17. c5 a4 18. a3 Ba5 19. Ne5 Bc7 20. f4 b5 21. Nxc6 Qf6
22. Ne5 Rfd8 23. Qe4 b4 24. Nxd7 1-0

[Event "LIGA 2006"]
[Site "http://www.queenalice.com/game.php?id=471442"]
[Date "2008.10.1"]
[Round "5"]
[White "charles31"]
[Black "togoychess"]
[Result "0-1"]
[WhiteElo "1717"]
[BlackElo "2154"]

1. e4 e6 2. d4 b6 3. e5 Bb7 4. Be3 Ne7 5. Bb5 Bxg2 6. Nd2 Bxh1 7. Ngf3 Nf5 8.
Bg5 Be7 9. Bxe7 Qxe7 10. c3 a6 11. Ba4 b5 12. Bc2 Nc6 13. Bxf5 exf5 14. Nf1 d6
15. Qd3 g6 16. Ng3 dxe5 17. O-O-O e4 18. Qe3 Bxf3 19. Rd2 Na5 20. Kc2 Nc4 21.
Qe1 Nxd2 22. Qxd2 O-O-O 23. a3 c5 24. Kb1 Qh4 25. d5 Qxh2 26. d6 Qg1+ 27. Ka2
Qd1 0-1

[Event "QA-ANNIV-04"]
[Site "http://www.queenalice.com/game.php?id=479364"]
[Date "2008.10.18"]
[Round "3"]
[White "Savage_king"]
[Black "togoychess"]
[Result "1/2-1/2"]
[WhiteElo "1998"]
[BlackElo "2155"]

1. e4 e6 2. f4 d5 3. Nf3 dxe4 4. Ne5 Nf6 5. d3 b6 6. Be3 Bb7 7. Nd2 Nd5 8. Bg1
exd3 9. Nxd3 Nf6 10. Qe2 Be7 11. O-O-O O-O 12. Ne5 Bd6 13. Ndf3 Bd5 14. c4 Be4
15. Ng5 Bb7 16. h4 Nbd7 17. Rh3 h6 18. g3 1/2-1/2

[Event "QA-ANNIV-04"]
[Site "http://www.queenalice.com/game.php?id=514320"]
[Date "2008.12.29"]
[Round "4"]
[White "togoychess"]
[Black "AntonioMendonca"]
[Result "1/2-1/2"]
[WhiteElo "2150"]
[BlackElo "2146"]

1. e4 c5 2. Ne2 Nf6 3. Nbc3 d6 4. g3 Nc6 5. Bg2 g6 6. O-O Bg7 7. Nd5 O-O 8. c3
e6 9. Nxf6+ Qxf6 10. d3 Qe7 11. Be3 Rb8 12. Qd2 b5 13. d4 b4 14. e5 Na5 15. exd6
Qxd6 16. dxc5 Qxd2 17. Bxd2 bxc3 18. Bxc3 Bxc3 19. bxc3 Nc4 20. Rfb1 Ba6 21.
Rxb8 Rxb8 22. Nd4 Rb2 23. Nc6 Rb5 24. Nxa7 Rxc5 25. Nc6 Bb5 26. Nd4 Ba4 27. Rc1
Ne5 28. Bf1 Nc4 29. Nb3 Rc7 30. Bxc4 Rxc4 31. Nd2 Rc7 32. c4 Bc6 33. Kf1 Ra7 34.
Ra1 Kf8 35. a3 Ke7 36. Ke2 h5 37. Kd3 Kd6 38. Ne4+ Bxe4+ 39. Kxe4 Ra4 40. Rd1+
Ke7 1/2-1/2

[Event "QA-ANNIV-03"]
[Site "http://www.queenalice.com/game.php?id=525035"]
[Date "2009.1.18"]
[Round "10"]
[White "togoychess"]
[Black "jagvg"]
[Result "0-1"]
[WhiteElo "2150"]
[BlackElo "2253"]

1. e4 e5 2. Nf3 Nc6 3. Nc3 Nf6 4. Bb5 a6 5. Bxc6 dxc6 6. O-O Bg4 7. h3 Bxf3 8.
Qxf3 Bb4 9. Ne2 O-O 10. c3 Bc5 11. Rd1 Re8 12. Ng3 Re6 13. Nf5 Bb6 14. d3 g6 15.
Bh6 Ne8 16. Qg3 Nd6 17. Kh1 Bxf2 0-1

[Event "QA-ANNIV-04"]
[Site "http://www.queenalice.com/game.php?id=578074"]
[Date "2009.4.26"]
[Round "5"]
[White "Viper_SB"]
[Black "togoychess"]
[Result "0-1"]
[WhiteElo "1682"]
[BlackElo "2141"]

1. d4 b6 2. e4 Bb7 3. d5 e6 4. c4 Bb4+ 5. Nc3 Qe7 6. Be3 Nf6 7. Bd3 exd5 8. cxd5
Bxc3+ 9. bxc3 Nxe4 10. Nf3 Bxd5 11. O-O O-O 12. c4 Bb7 13. Qc2 f5 14. Bd4 Nc6
15. Bb2 Nb4 16. Qe2 Nxd3 17. Qxd3 Ng5 18. Nxg5 Qxg5 19. f3 Rad8 20. Rae1 Ba6 21.
Rf2 d5 22. Qc2 Bxc4 23. Ba3 c5 24. Bc1 Qf6 25. h3 Rfe8 26. Rxe8+ Rxe8 27. Bd2
Qa1+ 28. Kh2 Qxa2 29. Qxa2 Bxa2 30. Bc1 Bc4 31. Kg3 Re2 32. Rxe2 Bxe2 33. Kf2
Bc4 34. Ke3 d4+ 35. Kf4 g6 36. Bd2 a5 37. Kg3 a4 38. Kf2 a3 39. Bc1 a2 40. Bb2
Kf7 41. Ke1 Ke6 42. Kd2 Ke5 43. g3 g5 44. Ba1 h5 45. Kc2 Be2 46. f4+ gxf4 47.
gxf4+ Kxf4 48. Kb2 d3 49. Kxa2 d2 0-1

[Event "AUTO-MASTER-1662"]
[Site "http://www.queenalice.com/game.php?id=1065266"]
[Date "2012.5.29"]
[Round "1"]
[White "amattar"]
[Black "togoychess"]
[Result "0-1"]
[WhiteElo "1826"]
[BlackElo "2122"]

1. d4 e6 2. c4 b6 3. Nf3 Bb7 4. e3 Bb4+ 5. Bd2 Bxd2+ 6. Nbxd2 f5 7. Bd3 Nf6 8.
O-O O-O 9. Qc2 Na6 10. a3 c5 11. Rad1 Qe8 12. e4 fxe4 13. Nxe4 Nxe4 14. Bxe4
Bxe4 15. Qxe4 cxd4 16. Qxd4 Rd8 17. Qd6 Nb8 18. Rd3 Nc6 19. Rfd1 h6 20. Qg3 Rf7
21. Rd6 Ne7 22. Nh4 Nf5 23. Nxf5 Rxf5 24. f3 Qe7 25. R1d4 Rg5 26. Qf2 Kf8 27.
Qd2 Ke8 28. Rf4 Rc5 29. b4 Rc6 30. Rfd4 Rxd6 31. Rxd6 Rc8 32. Qd4 Rxc4 33. Qxc4
Qxd6 34. h3 Qc6 35. Qd4 Qc1+ 36. Kh2 Qc7+ 37. f4 d5 38. Kg3 Kf7 39. Kf3 Qc1 40.
Qd3 Ke7 41. Kg4 Qc4 42. Qg6 Qe2+ 43. Kh4 Qb2 44. g3 Qf6+ 45. Qxf6+ Kxf6 46. Kg4
e5 47. Kf3 e4+ 48. Ke3 g5 49. Kd4 gxf4 50. gxf4 Kf5 0-1

[Event "AUTO-MASTER-1662"]
[Site "http://www.queenalice.com/game.php?id=1065267"]
[Date "2012.5.29"]
[Round "1"]
[White "togoychess"]
[Black "amattar"]
[Result "1-0"]
[WhiteElo "2139"]
[BlackElo "1883"]

1. e4 d5 2. exd5 Qxd5 3. Nc3 Qa5 4. d4 c5 5. Bb5+ Bd7 6. Bxd7+ Nxd7 7. d5 Ngf6
8. Bd2 Qb6 9. Nf3 g6 10. O-O Bg7 11. Re1 a6 12. Qe2 Qd6 13. Bf4 e5 14. dxe6 Qxe6
15. Qxe6+ fxe6 16. Rxe6+ Kf7 17. Ng5+ Kg8 18. Rae1 h6 19. Nge4 Kh7 20. Nxf6+
Nxf6 21. Re7 Rhe8 22. Kf1 b6 23. R1e6 Rxe7 24. Rxe7 g5 25. Be5 Kg6 26. Bxf6 Bxf6
27. Re6 Rf8 28. Rxb6 a5 29. Ne4 Kg7 30. Nxf6 Rxf6 31. Rxf6 Kxf6 32. Ke2 Ke5 33.
Kd3 Kd5 34. b3 h5 35. f3 h4 36. a3 1-0

[Event "AUTO-MASTER-1662"]
[Site "http://www.queenalice.com/game.php?id=1065280"]
[Date "2012.5.29"]
[Round "1"]
[White "togoychess"]
[Black "Artking"]
[Result "1-0"]
[WhiteElo "2135"]
[BlackElo "1803"]

1. e4 c5 2. Ne2 d6 3. g3 a6 4. Bg2 Nc6 5. O-O Nf6 6. Nbc3 e6 7. d3 b6 8. e5 d5
9. exf6 gxf6 10. d4 cxd4 11. Nxd4 Bb7 12. Nxc6 Bxc6 13. Re1 Be7 14. Bh6 Qc7 15.
Qh5 Qd6 16. Rad1 Qc5 17. Rxe6 O-O-O 18. Be3 Qa5 19. Rxc6+ Kb7 20. Rxb6+ 1-0

[Event "AUTO-MASTER-1662"]
[Site "http://www.queenalice.com/game.php?id=1065281"]
[Date "2012.5.29"]
[Round "1"]
[White "Artking"]
[Black "togoychess"]
[Result "0-1"]
[WhiteElo "1800"]
[BlackElo "2137"]

1. d4 e6 2. c4 b6 3. Nc3 Bb7 4. e4 Bb4 5. Bd3 f5 6. f3 Qh4+ 7. g3 Qh5 8. d5 fxe4
9. Bxe4 Nf6 10. Qd3 O-O 11. Ne2 exd5 12. Nf4 dxe4 13. Nxh5 exd3 14. Nxf6+ Rxf6
15. Rf1 Rxf3 16. Rxf3 Bxf3 17. Kf2 Bxc3 18. bxc3 Be2 19. Bf4 d6 20. a4 Nc6 21.
Bd2 Rf8+ 22. Kg2 Na5 0-1

[Event "AUTO-MASTER-1662"]
[Site "http://www.queenalice.com/game.php?id=1065282"]
[Date "2012.5.29"]
[Round "1"]
[White "togoychess"]
[Black "rsgaspar"]
[Result "0-1"]
[WhiteElo "2132"]
[BlackElo "2213"]

1. e4 c5 2. Ne2 e6 3. Nbc3 Nc6 4. g3 Nf6 5. Bg2 d5 6. exd5 exd5 7. d4 cxd4 8.
Nxd4 Be7 9. O-O O-O 10. h3 Be6 11. Re1 Qd7 12. Nxe6 fxe6 13. Bg5 Bb4 14. Bxf6
Rxf6 15. Ne4 Rf5 16. c3 Be7 17. Nd2 Raf8 18. f4 e5 19. Nc4 Bc5+ 20. Kh2 exf4 21.
gxf4 Bd4 22. Ne5 Nxe5 23. Qxd4 Ng6 24. Bf3 Nxf4 25. Rg1 Ne6 26. Rxg7+ Nxg7 27.
Qg4 h5 0-1

[Event "AUTO-MASTER-1662"]
[Site "http://www.queenalice.com/game.php?id=1065283"]
[Date "2012.5.29"]
[Round "1"]
[White "rsgaspar"]
[Black "togoychess"]
[Result "1-0"]
[WhiteElo "2164"]
[BlackElo "2143"]

1. e4 e6 2. d4 d5 3. e5 c5 4. c3 Nc6 5. Nf3 Bd7 6. Be2 Rc8 7. O-O a6 8. c4 cxd4
9. cxd5 exd5 10. Nxd4 Nxe5 11. Nc3 Ne7 12. Re1 f6 13. f4 N5c6 14. Nxd5 Qa5 15.
Bh5+ Kd8 16. Nxe7 Nxd4 17. Nxc8 Bb4 18. Re4 Kxc8 19. Rxd4 Bc5 20. Be3 Bxd4 21.
Bxd4 Kb8 22. Be3 Bc6 23. Qd6+ Ka8 24. Rd1 Rb8 25. Be2 Re8 26. b4 1-0